000 00626nam a2200217Ia 4500
003 OSt
005 20230410162120.0
008 210423s2013 xx 000 0 und d
020 _a978-93-80428-95-6
040 _cAL
041 _aeng
082 _a574.80285
_223
_bSINB
100 _aSINGH (Anupam);SINGH (Vishwadeep);SINGH (Ashwani Kumar)
_985649
245 _aBioinformatics: power to biotechnology
260 _aDelhi
_bNarendra Publishing House
_c2013
300 _axii,572
_bHB
365 _b3895
_cINR
650 _aBioinformatics
_985650
906 _aBioinformatics: ; biotechnology ; power
942 _2ddc
_cBK
999 _c169581
_d169581